Colisiones cósmicas (Registro nro. 8293)
[ vista simple ]
| 000 -CABECERA | |
|---|---|
| Longitud fija campo de control | 01416ngm a2200265 a 4500 |
| 005 - • FECHA Y HORA DE LA ÚLTIMA TRANSACCIÓN | |
| Fecha y hora de la última transacción | 20220317001839.0 |
| 008 - • CÓDIGOS DE INFORMACIÓN DE LONGITUD FIJA | |
| Códigos de información de longitud fija | 170410s2014 c g 000 0 s |
| 041 ## - • CÓDIGO DE LENGUA | |
| Código de lengua del texto/banda sonora o título independiente | spa |
| 082 04 - • NÚMERO DE LA CLASIFICACIÓN DECIMAL DEWEY | |
| Número de clasificación (R) | 525 |
| Número del ítem | D37c1 |
| 040 ## - FUENTE DE LA CATALOGACIÓN | |
| Centro catalogador de origen | CO-BoRNBP |
| Lengua de catalogación | spa |
| Normas de descripción | rda |
| Centro transcriptor | CO-BoRNBP |
| 110 2# - • PUNTO DE ACCESO PRINCIPAL-NOMBRE DE ENTIDAD CORPORATIVA | |
| Nombre de entidad corporativa o nombre de jurisdicción como elemento inicial | Discovery Communications |
| 245 10 - • TITULO PROPIAMENTE DICHO | |
| Título | Colisiones cósmicas |
| Resto del título | la tierra, parte 2 = Cosmic collisions |
| -- | earth, part 2 / |
| Mención de responsabilidad, etc. | Discovery Communications |
| Medio | videodisco digital |
| 250 ## - • MENCIÓN DE EDICIÓN | |
| Mención de edición | 1a. edición |
| 264 ## - PRODUCCIÓN, PUBLICACIÓN , DISTRIBUCIÓN, FABRICACIÓN Y COPYRIGHT | |
| Lugar de producción, publicación, distribución, fabricación | Bogotá |
| Nombre del productor, editor, distribuidor, fabricante | MS Tv & Videos |
| Fecha de de producción, publicación, distribución, fabricación o copyright | 2014 |
| 300 ## - • DESCRIPCIÓN FÍSICA | |
| Extensión | 1 DVD (26 minutos) |
| Otras características físicas | sonido, color |
| Dimensiones | 12 cm |
| 336 ## - TIPO DE CONTENIDO | |
| Término de tipo de contenido | texto |
| Código de tipo de contenido | txt |
| Fuente | rdacontent |
| 337 ## - TIPO DE MEDIO | |
| Nombre del tipo de medio | sin mediación |
| Código del tipo de medio | n |
| Fuente | rdamedia |
| 338 ## - TIPO DE SOPORTE | |
| Nombre del tipo de soporte | volumen |
| Código del tipo de soporte | nc |
| Fuente | rdacarrier |
| 490 ## - • MENCIÓN DE SERIE | |
| Mención de serie | Discovery en la escuela |
| 520 ## - • NOTA DE RESUMEN | |
| Resumen, etc, | Los impactos de asteroides han dejado profundas cicatrices en todo el rostro de nuestro planeta Tierra y son responsables de una de las mayores extinciones en la historia. Los científicos creen que no es una cuestión de si se va a producir de nuevo, sino cuándo... definitivamente es cuestión de tiempo. Colisiones cósmicas: la Tierra, abarca todo lo que hay que saber acerca de los choques de meteoritos con nuestro Plantea y cómo los científicos se están preparando para enfrentar un suceso como este |
| 650 14 - • PUNTO DE ACCESO ADICIONAL DE MATERIA - TÉRMINO DE MATERIA | |
| Fuente del encabezamiento o término | LEMB |
| Término de materia o nombre geográfico como elemento inicial | Astronomía |
| Subdivisión de forma | Videodiscos |
| 650 14 - • PUNTO DE ACCESO ADICIONAL DE MATERIA - TÉRMINO DE MATERIA | |
| Fuente del encabezamiento o término | LEMB |
| Término de materia o nombre geográfico como elemento inicial | Tierra (planeta) |
| Subdivisión de forma | Videodiscos |
| 650 14 - • PUNTO DE ACCESO ADICIONAL DE MATERIA - TÉRMINO DE MATERIA | |
| Fuente del encabezamiento o término | LEMB |
| Término de materia o nombre geográfico como elemento inicial | Colisiones espaciales |
| Subdivisión de forma | Videodiscos |
| 942 ## - ENTRADA DE ELEMENTOS AGREGADOS (KOHA) | |
| Fuente de clasificaión o esquema | Dewey Decimal Classification |
| Koha [por defecto] tipo de item | DVD |
No hay ítems disponibles.